000 00612nmm a2200205Ia 4500
008 251105s9999||||xx |||||||||||||||||und||
020 _a9786071635426
041 _aspa
100 _aMcCaughrean, Geraldine
245 0 _aEl hijo del pirata
264 _a[México D.C., Mexico] :
_bFondo de Cultura Económica,
_c2016
300 _a342 páginas
490 _aA la Orilla del Viento
650 _aAges 9-12 Years Old
700 _aMcCaughrean, Geraldine
700 1 _a Díez-Canedo F., Joaquín
700 1 _a Peláez, Ricardo
856 _uhttps://public.digitaliapublishing.com/a/64292
942 _cCF
999 _c68700
_d68700